Normal view
MARC view
Entry Topical Term
001 - CONTROL NUMBER
- control field: 7349
003 - CONTROL NUMBER IDENTIFIER
- control field: BD-RjUL
005 - DATE AND TIME OF LATEST TRANSACTION
- control field: 20230417110453.0
008 - FIXED-LENGTH DATA ELEMENTS
- fixed length control field: 230417|| aca||aabn | a|a d
040 ## - CATALOGING SOURCE
- Original cataloging agency: BD-RjUL
- Transcribing agency: BD-RjUL
150 ## - HEADING--TOPICAL TERM
- Topical term or geographic name entry element: Investigating
- Form subdivision: Teacher Education
- Geographic subdivision: Rajshahi District
670 ## - SOURCE DATA FOUND
- Source citation: Work cat.: (BD-RjUL)81350: Ali, Md. Ayet 7314, Investigating the Impact and Techuical Efficency of Teacher Education for the Secondary Education in Rajshahi District of Bangladesh /, 2020